000 00480nam a22001697a 4500
005 20250723172704.0
008 250723b |||||||| |||| 00| 0 eng d
020 _a9780198525431
_qhbk
041 _aeng
082 _a500
_bDAV
100 _aE. Brian Davies
245 _aScience In The Looking Glass
_b: what do scientists really know?
_cDavies,brian .E
260 _aNew York
_bOxford University Press
_c2008
300 _a295 pages
650 _aScience
942 _cENGLISH
999 _c577201
_d577201